Применение компьютерных симуляций для разработки алгоритма ультразвуковой томографии компонентов атомной энергии; Актуальные проблемы инновационного развития ядерных технологий

Dades bibliogràfiques
Parent link:Актуальные проблемы инновационного развития ядерных технологий.— 2019.— [С. 84]
Autor principal: Вдовенко А. Ю. Анастасия Юрьевна
Autor corporatiu: Национальный исследовательский Томский политехнический университет Институт неразрушающего контроля Международная научно-образовательная лаборатория неразрушающего контроля
Altres autors: Долматов Д. О. Дмитрий Олегович
Sumari:Заглавие с экрана
Idioma:rus
Publicat: 2019
Col·lecció:Актуальные проблемы инновационного развития ядерных технологий
Matèries:
Accés en línia:http://conference.ssti.ru/doc/АПИРЯТ%202019.pdf#page=84
Format: MixedMaterials Electrònic Capítol de llibre
KOHA link:https://koha.lib.tpu.ru/cgi-bin/koha/opac-detail.pl?biblionumber=664171

MARC

LEADER 00000naa0a2200000 4500
001 664171
005 20250814111012.0
035 |a (RuTPU)RU\TPU\network\35355 
035 |a RU\TPU\network\31689 
090 |a 664171 
100 |a 20210330d2019 k y0rusy50 ca 
101 0 |a rus 
102 |a RU 
135 |a drcn ---uucaa 
181 0 |a i  
182 0 |a b 
200 1 |a Применение компьютерных симуляций для разработки алгоритма ультразвуковой томографии компонентов атомной энергии  |f А. Ю. Вдовенко, Д. О. Долматов 
203 |a Текст  |c электронный 
225 1 |a Актуальные проблемы инновационного развития ядерных технологий 
300 |a Заглавие с экрана 
320 |a [Библиогр.: с. 84 (2 назв.)] 
463 |t Актуальные проблемы инновационного развития ядерных технологий  |o материалы конференции в рамках Научной сессии НИЯУ МИФИ, 8-12 Апреля 2019, г. Северск  |f Сибирский химический комбинат (СХК) ; Национальный исследовательский ядерный университет "МИФИ", Северский технологический институт (СТИ) ; под ред. М. Д. Носкова  |v [С. 84]  |d 2019 
610 1 |a труды учёных ТПУ 
610 1 |a электронный ресурс 
610 1 |a компьютерная симуляция 
610 1 |a ультразвуковая томография 
700 1 |a Вдовенко  |b А. Ю.  |g Анастасия Юрьевна 
701 1 |a Долматов  |b Д. О.  |c специалист в области ядерных технологий  |c техник Томского политехнического университета  |f 1992-  |g Дмитрий Олегович  |3 (RuTPU)RU\TPU\pers\35543 
712 0 2 |a Национальный исследовательский Томский политехнический университет  |b Институт неразрушающего контроля  |b Международная научно-образовательная лаборатория неразрушающего контроля  |3 (RuTPU)RU\TPU\col\19961 
801 2 |a RU  |b 63413507  |c 20210330  |g RCR 
856 4 |u http://conference.ssti.ru/doc/АПИРЯТ%202019.pdf#page=84 
942 |c CF